| 000 | 00605nam a2200193 a 4500 | ||
|---|---|---|---|
| 005 | 20210223121134.0 | ||
| 008 | 991125s1995 mx 000 0 spa u | ||
| 020 | _a9688425346 | ||
| 035 | _aUPN01000012967 | ||
| 049 | _aI | ||
| 050 | 4 |
_aDS266 _bC3.3 |
|
| 100 | 1 | _aCastañeda Reyes, José Carlos | |
| 245 | 1 | 0 |
_aCultura y civilización de la Persia antigua / _cJosé Carlos Castañeda Reyes. |
| 260 |
_aMéxico : _bINAH, Museo Nacional de las Culturas : _bPorrúa, _c1995. |
||
| 300 |
_a19 p. : _bil. |
||
| 440 | 0 | _aCulturas antiguas | |
| 651 | 4 |
_aIRAN - _xHISTORIA - _xANTIGUA _910015 |
|
| 905 | _aInfantil | ||
| 999 |
_c12967 _d12967 |
||